The defence of India (Record no. 553183)

000 -LEADER
fixed length control field 00431cam a22001451 4500
082 ## - DEWEY DECIMAL CLASSIFICATION NUMBER
Classification number 954.031
Author Mark VIN
100 1# - MAIN ENTRY--PERSONAL NAME
Personal name Vincent, Arthur,
9 (RLIN) 50451
245 14 - TITLE STATEMENT
Title The defence of India
Statement of responsibility, etc. [by] "Arthur Vincent".
260 ## - PUBLICATION, DISTRIBUTION, ETC.
Place of publication, distribution, etc. London,
Name of publisher, distributor, etc. H. Milford, Oxford University Press,
Date of publication, distribution, etc. 1922.
300 ## - PHYSICAL DESCRIPTION
Extent v, 95 p.
Other physical details fold. map
Dimensions 19 cm.
490 0# - SERIES STATEMENT
Series statement India of to-day,
526 ## - STUDY PROGRAM INFORMATION NOTE
Program name 0
Interest level 0
Reading level 0
Title point value 954_031000000000000_VIN
650 ## - SUBJECT ADDED ENTRY--TOPICAL TERM
Topical term or geographic name entry element MCE
9 (RLIN) 379
942 ## - ADDED ENTRY ELEMENTS (KOHA)
Source of classification or shelving scheme
Koha item type Book
Holdings
Withdrawn status Lost status Source of classification or shelving scheme Damaged status Not for loan Permanent Location Current Location Shelving location Date acquired Total Checkouts Full call number Barcode Date last seen Price effective from Koha item type
          Military College of Engineering (MCE) Military College of Engineering (MCE)   02/02/2015   954.031 VIN MCE-ECD .4 02/02/2015 02/02/2015 Book
© 2023 Central Library, National University of Sciences and Technology. All Rights Reserved.